| 000 | 00596nam a2200205Ia 4500 | ||
|---|---|---|---|
| 003 | 0100 | ||
| 008 | 130227s9999 xx 000 0 und d | ||
| 040 | _cARRUPELIB | ||
| 050 | _aBJ1278.5.T48B73 1996 | ||
| 100 | _aBradley, Denis J. M. | ||
| 245 | _aAquinas on the twofold human good | ||
| 245 | _breason and human happiness in aquinas's moral science | ||
| 260 | _aWashington, D.C. | ||
| 260 | _bThe Catholic University of America Press | ||
| 260 | _C1997 | ||
| 300 | _axiv | ||
| 300 | _b 610p. 23cm. | ||
| 650 | _bGreat Britain - Lord Chancellor's Office - History | ||
| 942 |
_2lcc _012 |
||
| 999 |
_c2001 _d2001 |
||